| 000 | 00360nam a2200109Ia 4500 | ||
|---|---|---|---|
| 008 | 130320s9999 xx 000 0 und d | ||
| 100 | _aLigy Alice Eapen | ||
| 245 | _aEmployee management system | ||
| 502 |
_bMCA _dEXT _eAjith Kumar R _hMarthoma Institute of Information Technology and Management, Kollam |
||
| 650 | _aWEB APPLICATION | ||
| 650 | _aEMPLOYEE MANAGEMENT | ||
| 999 |
_c2698 _d2698 |
||